Numerical ecology

محفوظ في:
التفاصيل البيبلوغرافية
المؤلفون الرئيسيون: Legendre, Pierre (مؤلف), Legendre, Louis (مؤلف)
التنسيق: كتاب
اللغة:الإنجليزية
منشور في: Amsterdam Elsevier 1998
الطبعة:2a. ed
سلاسل:Developments in Environmental Modelling, 20
الموضوعات:
الوسوم: إضافة وسم
لا توجد وسوم, كن أول من يضع وسما على هذه التسجيلة!

MARC

LEADER 00000nam a2200000 a 4500
001 UCL5833
003 CL-VaPUC
008 040319e19980000NE |||||||||||||||||eng|d
020 |a 0444892508 
082 0 4 |a 577.072  |b LEG  |2 21 
100 |a Legendre, Pierre  |e author  |9 483527 
700 |a Legendre, Louis  |e author  |9 483528 
245 1 0 |a Numerical ecology 
250 |a 2a. ed 
300 |a 853 p 
942 |c BK 
945 |d 20040319 00:00:00  |a cmena 
260 |a Amsterdam  |b Elsevier  |c 1998 
650 0 |a Ecología   |9 258124 
650 0 |a Métodos estadísticos   |9 259407 
650 0 |a Estadística matemática  |9 260028 
650 0 |a Estadística aplicada  |9 270522 
583 |a last modification  |c 20040319 00:00:00  |k Rodrigo Vera 
490 0 |a Developments in Environmental Modelling, 20 
999 |c 308218  |d 308216 
952 |0 0  |1 0  |2 ddc  |4 0  |6 577_072000000000000_LEG_1998  |7 0  |8 CCM  |9 374553  |a BIBCUR  |b BIBCUR  |c PAC  |d 2019-11-21  |i 3988341  |o 577.072 LEG 1998  |p 3988341  |r 2025-04-22  |w 2019-11-21  |y BK  |k CIM 
952 |0 0  |1 0  |4 0  |6 577_072000000000000_LEG_1998  |7 0  |8 A  |9 374554  |a BIBMAT  |b BIBMAT  |d 2019-11-21  |i 4213564  |o 577.072 LEG 1998  |p 4213564  |r 2025-01-07  |w 2019-11-21  |y BK  |k MAT